Microsoft Office Excel 2007 / (Record no. 14603)

MARC details
000 -LEADER
fixed length control field 01273cam a22003254a 4500
001 - CONTROL NUMBER
control field 14747268
003 - CONTROL NUMBER IDENTIFIER
control field URS
005 - DATE AND TIME OF LATEST TRANSACTION
control field 20220114171726.0
008 - FIXED-LENGTH DATA ELEMENTS--GENERAL INFORMATION
fixed length control field 070226s2008 maua 001 0 eng
010 ## - LIBRARY OF CONGRESS CONTROL NUMBER
LC control number 2007007505
020 ## - INTERNATIONAL STANDARD BOOK NUMBER
International Standard Book Number 9780073294513 (alk. paper)
020 ## - INTERNATIONAL STANDARD BOOK NUMBER
International Standard Book Number 0073294519 (alk. paper)
050 00 - LIBRARY OF CONGRESS CALL NUMBER
Classification number HF5548.4.M523
Item number O354 2008
100 1# - MAIN ENTRY--PERSONAL NAME
Personal name O'Leary, Timothy J.,
Dates associated with a name 1947-
245 10 - TITLE STATEMENT
Title Microsoft Office Excel 2007 /
Statement of responsibility, etc. Timothy J. O'Leary, Linda I. O'Leary.
250 ## - EDITION STATEMENT
Edition statement Brief ed.
260 ## - PUBLICATION, DISTRIBUTION, ETC.
Place of publication, distribution, etc. Boston :
Name of publisher, distributor, etc. McGraw-Hill/Irwin,
Date of publication, distribution, etc. 2008.
300 ## - PHYSICAL DESCRIPTION
Extent 1 v. (various pagings) :
Other physical details col. ill. ;
Dimensions 28 cm.
490 0# - SERIES STATEMENT
Series statement The O'Leary series
500 ## - GENERAL NOTE
General note Includes index.
630 00 - SUBJECT ADDED ENTRY--UNIFORM TITLE
Uniform title Microsoft Excel (Computer file)
650 #0 - SUBJECT ADDED ENTRY--TOPICAL TERM
Topical term or geographic name entry element Business
General subdivision Computer programs.
650 #0 - SUBJECT ADDED ENTRY--TOPICAL TERM
Topical term or geographic name entry element Electronic spreadsheets.
700 1# - ADDED ENTRY--PERSONAL NAME
Personal name O'Leary, Linda I.
856 41 - ELECTRONIC LOCATION AND ACCESS
Materials specified Table of contents only
Uniform Resource Identifier <a href="http://www.loc.gov/catdir/toc/ecip0711/2007007505.html">http://www.loc.gov/catdir/toc/ecip0711/2007007505.html</a>
856 42 - ELECTRONIC LOCATION AND ACCESS
Materials specified Contributor biographical information
Uniform Resource Identifier <a href="http://www.loc.gov/catdir/enhancements/fy0737/2007007505-b.html">http://www.loc.gov/catdir/enhancements/fy0737/2007007505-b.html</a>
906 ## - LOCAL DATA ELEMENT F, LDF (RLIN)
a 7
b cbc
c orignew
d 1
e ecip
f 20
g y-gencatlg
942 ## - ADDED ENTRY ELEMENTS (KOHA)
Source of classification or shelving scheme Library of Congress Classification
Koha item type Foreign Books
Holdings
Withdrawn status Source of classification or shelving scheme Damaged status Not for loan Collection code Home library Current library Shelving location Date acquired Total Checkouts Full call number Barcode Date last seen Price effective from Koha item type
  Library of Congress Classification     Non-fiction Binangonan College Library Binangonan College Library Foreign Section 06/07/2023   HF5548.4.M523 O354 2008 URSBIN-01451 02/27/2017 02/27/2017 Foreign Books
  Library of Congress Classification     Non-fiction Binangonan College Library Binangonan College Library Foreign Section 06/07/2023   HF5548.4.M523 O354 2008 URSBIN-01448 02/27/2017 02/27/2017 Foreign Books
  Library of Congress Classification     Non-fiction Binangonan College Library Binangonan College Library Foreign Section 06/07/2023   HF5548.4.M523 O354 2008 URSBIN-01447 02/27/2017 02/27/2017 Foreign Books
  Library of Congress Classification     Non-fiction Binangonan College Library Binangonan College Library Foreign Section 06/07/2023   HF5548.4.M523 O354 2008 URSBIN-01452 02/27/2017 02/27/2017 Foreign Books
  Library of Congress Classification     Non-fiction Binangonan College Library Binangonan College Library Foreign Section 06/07/2023   HF5548.4.M523 O354 2008 URSBIN-01449 02/27/2017 02/27/2017 Foreign Books
  Library of Congress Classification     Non-fiction Binangonan College Library Binangonan College Library Foreign Section 06/07/2023   HF5548.4.M523 O354 2008 URSBIN-01450 02/27/2017 02/27/2017 Foreign Books

University of Rizal System
Email us at univlibservices@urs.edu.ph

Visit our Website www.urs.edu.ph/library